I dreamed of flying like a bird : (Record no. 2890)

MARC details
000 -LEADER
fixed length control field 01047cam a22002894a 4500
005 - DATE AND TIME OF LATEST TRANSACTION
control field 20260223103548.0
020 ## - INTERNATIONAL STANDARD BOOK NUMBER
International Standard Book Number 9780545579575
040 ## - CATALOGING SOURCE
Original cataloging agency DLC
Transcribing agency DLC
Language of cataloging eng
050 00 - LIBRARY OF CONGRESS CALL NUMBER
Classification number TR729.W54
Item number 2010
082 00 - DEWEY DECIMAL CLASSIFICATION NUMBER
Classification number 779.32096
100 1# - MAIN ENTRY--PERSONAL NAME
Personal name Haas, Robert B.
245 10 - TITLE STATEMENT
Title I dreamed of flying like a bird :
Remainder of title my adventures photographing wild animals from a helicopter /
Statement of responsibility, etc. by Robert B. Haas.
250 ## - EDITION STATEMENT
Edition statement First published in 2010
260 ## - PUBLICATION, DISTRIBUTION, ETC.
Place of publication, distribution, etc. New York :
Name of publisher, distributor, etc. Scholastic ,
Date of publication, distribution, etc. 2010
300 ## - PHYSICAL DESCRIPTION
Extent 64 pages :
Other physical details color illustrations ;
Dimensions 20 cm.
505 ## - FORMATTED CONTENTS NOTE
Formatted contents note Z <br/>
520 ## - SUMMARY, ETC.
Summary, etc. Robert Haas, a photographer with National Geographic, presents his photographs of animals from around the world, which he shot from the air.
521 ## - TARGET AUDIENCE NOTE
Target audience note 1190 <br/>
Source Lexile <br/>
521 ## - TARGET AUDIENCE NOTE
Target audience note Z <br/>
Source Raz-Plus <br/>
650 #0 - SUBJECT ADDED ENTRY--TOPICAL TERM
Topical term or geographic name entry element Wildlife photography
Geographic subdivision Africa.
650 #0 - SUBJECT ADDED ENTRY--TOPICAL TERM
Topical term or geographic name entry element Aerial photography
Geographic subdivision Africa.
650 #0 - SUBJECT ADDED ENTRY--TOPICAL TERM
Topical term or geographic name entry element Wildlife photographers
Geographic subdivision Africa.
650 #0 - SUBJECT ADDED ENTRY--TOPICAL TERM
Topical term or geographic name entry element Animals
Geographic subdivision Africa
Form subdivision Pictorial works.
906 ## - LOCAL DATA ELEMENT F, LDF (RLIN)
a 7
b cbc
c orignew
d 1
e ecip
f 20
g y-gencatlg
942 ## - ADDED ENTRY ELEMENTS (KOHA)
Source of classification or shelving scheme Dewey Decimal Classification
Koha item type Books
Suppress in OPAC No
999 ## -
-- 2890
-- 2890
Holdings
Withdrawn status Lost status Source of classification or shelving scheme Damaged status Not for loan Collection Home library Current library Shelving location Date acquired Total Checkouts Full call number Barcode Date last seen Date last checked out Price effective from Koha item type
    Dewey Decimal Classification     Non-Fiction Footprints International School Library Network Toul Tom Poung Campus Footprints International School Library Network Toul Tom Poung Campus TTP Secondary Non-Fiction Bookshelves 01/22/2024 1 HAS 779.32096 TR729.W54 FISTK04880 12/19/2025 12/01/2025 01/22/2024 Books